Quranic Wisdom (Record no. 20575)

MARC details
000 -LEADER
fixed length control field 00300nam a22001337a 4500
020 ## - INTERNATIONAL STANDARD BOOK NUMBER
ISBN 9789351790518
082 ## - DEWEY DECIMAL CLASSIFICATION NUMBER
Classification number 297.1226 KHA
100 ## - MAIN ENTRY--AUTHOR NAME
Author name Khan, Maulana Wahiduddin
245 ## - TITLE STATEMENT
Title Quranic Wisdom
260 ## - PUBLICATION, DISTRIBUTION, ETC. (IMPRINT)
Place of publication Noida
Name of publisher Goodword Books
Year of publication 2016
300 ## - PHYSICAL DESCRIPTION
Number of Pages 352
650 ## - SUBJECT ADDED ENTRY--TOPICAL TERM
Topical Term Quran-Theology
942 ## - ADDED ENTRY ELEMENTS (KOHA)
Koha item type Books
Holdings
Home library Current library Shelving location Date acquired Source of acquisition Cost, normal purchase price Full call number Accession Number Koha item type
Henry Martyn Institute Library Henry Martyn Institute Library General stacks 08/01/2017 Director 200.00 297.1226 KHA 11003534 Books
Henry Martyn Institute Library Henry Martyn Institute Library General stacks 03/06/2024 Director Sir 200.00 297.1226 KHA 11004826 Books
                   Copyright © 2026 | Henry Martyn Institute | Hyderabad | TS-500052 | INDIA | Implemented by hmi.edu.in
Hit-Count:

Powered by Koha